[Event "Morso"]
[Site "Morso"]
[Date "2002.02.09"]
[Round "1"]
[White "Berg, Klaus"]
[Black "Pedersen, Erik"]
[Result "1-0"]
[WhiteElo "2418"]
[BlackElo "2400"]
[PlyCount "53"]
[EventDate "2002.02.09"]
[EventType "tourn"]
[EventRounds "9"]
[EventCountry "DEN"]
[EventCategory "10"]
[SourceTitle "CBM 088"]
[Source "ChessBase"]
[SourceDate "2002.03.21"]
[SourceVersion "1"]
[SourceVersionDate "2002.03.21"]
[SourceQuality "1"]

1. d4 Nf6 2. Bg5 e6 3. e4 h6 4. Bxf6 Qxf6 5. Nc3 d6 6. Qd2 g6 7. f4 Bg7 8. Nf3
a6 9. O-O-O O-O 10. h4 b5 11. e5 Qd8 12. Bd3 c5 13. dxc5 dxe5 14. fxe5 Qa5 15.
Kb1 Nd7 16. h5 g5 17. Nxg5 Nxe5 18. Nh7 Rd8 19. Nf6+ Kh8 20. Qf4 Nxd3 21. cxd3
Bb7 22. Rhf1 Rac8 23. Nce4 Bd5 24. Nxd5 Rxd5 25. Nd6 Rd4 26. Nxf7+ Kh7 27. Qg3
1-0

[Event "Morso"]
[Site "Morso"]
[Date "2002.02.09"]
[Round "1"]
[White "Miezis, Normunds"]
[Black "Pedersen, Steffen"]
[Result "0-1"]
[WhiteElo "2498"]
[BlackElo "2440"]
[PlyCount "70"]
[EventDate "2002.02.09"]
[EventType "tourn"]
[EventRounds "9"]
[EventCountry "DEN"]
[EventCategory "10"]
[SourceTitle "CBM 088"]
[Source "ChessBase"]
[SourceDate "2002.03.21"]
[SourceVersion "1"]
[SourceVersionDate "2002.03.21"]
[SourceQuality "1"]

1. c4 Nf6 2. Nc3 g6 3. g3 Bg7 4. Bg2 d6 5. e4 Nc6 6. Nge2 O-O 7. O-O Bd7 8. h3
a6 9. d3 Rb8 10. a4 Nb4 11. Be3 c5 12. Kh2 Nc6 13. f4 Ne8 14. d4 cxd4 15. Nxd4
Nc7 16. a5 Na8 17. Nd5 Nxa5 18. Rxa5 Qxa5 19. Nxe7+ Kh8 20. f5 Rfe8 21. Nd5 Qd8
22. Nf3 f6 23. fxg6 hxg6 24. Nh4 Kh7 25. Bd4 Re5 26. Bxe5 dxe5 27. Qf3 Be6 28.
Nxf6+ Bxf6 29. Qxf6 Qxf6 30. Rxf6 Re8 31. Rxg6 Nc7 32. c5 Rd8 33. Rf6 Rd2 34.
Rf8 Rxb2 35. Re8 Nxe8 0-1

[Event "Morso"]
[Site "Morso"]
[Date "2002.02.09"]
[Round "1"]
[White "Pedersen, Jan"]
[Black "Rustemov, Alexander"]
[Result "1/2-1/2"]
[WhiteElo "2413"]
[BlackElo "2607"]
[PlyCount "108"]
[EventDate "2002.02.09"]
[EventType "tourn"]
[EventRounds "9"]
[EventCountry "DEN"]
[EventCategory "10"]
[SourceTitle "CBM 088"]
[Source "ChessBase"]
[SourceDate "2002.03.21"]
[SourceVersion "1"]
[SourceVersionDate "2002.03.21"]
[SourceQuality "1"]

1. e4 e6 2. d3 d5 3. Nd2 Nf6 4. Ngf3 Nc6 5. Be2 Be7 6. O-O O-O 7. c3 a5 8. Re1
b6 9. e5 Nd7 10. d4 Ba6 11. Bxa6 Rxa6 12. Qe2 Ra7 13. a3 Re8 14. c4 Nf8 15. Nf1
a4 16. Bd2 dxc4 17. Qxc4 Nb8 18. Bb4 Ng6 19. Ne3 c6 20. Bxe7 Rexe7 21. Rad1
Red7 22. g3 h6 23. Qc2 b5 24. Qe4 Rac7 25. h4 Ne7 26. h5 Nd5 27. g4 c5 28. dxc5
Rxc5 29. Nxd5 Rdxd5 30. Rxd5 Qxd5 31. Qxd5 Rxd5 32. Kg2 Nc6 33. Kg3 Kf8 34. Kf4
Na5 35. Re2 Nc4 36. g5 hxg5+ 37. Nxg5 Rd4+ 38. Re4 Rd2 39. Kg3 Rxb2 40. Rf4
Nxe5 41. Nxe6+ Kg8 42. Nd4 b4 43. Nf5 bxa3 44. Rxa4 a2 45. f4 Nc4 46. Ra8+ Kh7
47. Kg4 Nd2 48. Nd6 g6 49. Nxf7 gxh5+ 50. Kf5 Kg7 51. Nd6 Nb3 52. Ra7+ Kf8 53.
Kf6 a1=Q 54. Rf7+ Kg8 1/2-1/2

[Event "Morso"]
[Site "Morso"]
[Date "2002.02.09"]
[Round "1"]
[White "Sokolovs, Andrei"]
[Black "Navara, David"]
[Result "1/2-1/2"]
[WhiteElo "2512"]
[BlackElo "2531"]
[PlyCount "46"]
[EventDate "2002.02.09"]
[EventType "tourn"]
[EventRounds "9"]
[EventCountry "DEN"]
[EventCategory "10"]
[SourceTitle "CBM 088"]
[Source "ChessBase"]
[SourceDate "2002.03.21"]
[SourceVersion "1"]
[SourceVersionDate "2002.03.21"]
[SourceQuality "1"]

1. Nf3 Nf6 2. c4 g6 3. Nc3 d5 4. cxd5 Nxd5 5. e4 Nxc3 6. dxc3 Qxd1+ 7. Kxd1 f6
8. Be3 e5 9. Nd2 Nd7 10. Nb3 a5 11. a4 b6 12. f3 Bb7 13. Bc4 Bd6 14. Kc2 Ke7
15. Rhd1 Nf8 16. Bd5 Bxd5 17. Rxd5 Ne6 18. Rad1 Rhd8 19. R5d2 h5 20. Rd3 Rab8
21. Kc1 Ra8 22. Kc2 Rab8 23. Kc1 Ra8 1/2-1/2

[Event "Morso"]
[Site "Morso"]
[Date "2002.02.10"]
[Round "2"]
[White "Navara, David"]
[Black "Pedersen, Steffen"]
[Result "1-0"]
[WhiteElo "2531"]
[BlackElo "2440"]
[PlyCount "45"]
[EventDate "2002.02.09"]
[EventType "tourn"]
[EventRounds "9"]
[EventCountry "DEN"]
[EventCategory "10"]
[SourceTitle "CBM 088"]
[Source "ChessBase"]
[SourceDate "2002.03.21"]
[SourceVersion "1"]
[SourceVersionDate "2002.03.21"]
[SourceQuality "1"]

1. e4 c5 2. Nf3 d6 3. d4 cxd4 4. Nxd4 Nf6 5. Nc3 a6 6. Be2 e6 7. a4 Nc6 8. O-O
Be7 9. Be3 O-O 10. f4 Qc7 11. Kh1 Re8 12. Bf3 Bf8 13. Qd2 Na5 14. b3 d5 15. e5
Nd7 16. Nce2 f6 17. Nxe6 Rxe6 18. Bxd5 Nc5 19. f5 Qxe5 20. Bxc5 Bxc5 21. fxe6
Nc6 22. e7+ Be6 23. Bxc6 1-0

[Event "Morso"]
[Site "Morso"]
[Date "2002.02.10"]
[Round "2"]
[White "Pedersen, Erik"]
[Black "Pedersen, Jan"]
[Result "1/2-1/2"]
[WhiteElo "2400"]
[BlackElo "2413"]
[PlyCount "49"]
[EventDate "2002.02.09"]
[EventType "tourn"]
[EventRounds "9"]
[EventCountry "DEN"]
[EventCategory "10"]
[SourceTitle "CBM 088"]
[Source "ChessBase"]
[SourceDate "2002.03.21"]
[SourceVersion "1"]
[SourceVersionDate "2002.03.21"]
[SourceQuality "1"]

1. d4 e6 2. Nf3 Nf6 3. e3 b6 4. Bd3 Bb7 5. Nbd2 c5 6. b3 cxd4 7. exd4 Nc6 8. a3
Be7 9. O-O O-O 10. Bb2 Rc8 11. Re1 Qc7 12. Rc1 d5 13. Nf1 Rfd8 14. Ng3 Qf4 15.
Qe2 Na5 16. Ne5 Bd6 17. Rcd1 Bxe5 18. dxe5 Ne4 19. Bxe4 dxe4 20. b4 Nc6 21.
Qxe4 Qxe4 22. Nxe4 Nxe5 23. Rxd8+ Rxd8 24. Bxe5 Bxe4 25. c4 1/2-1/2

[Event "Morso"]
[Site "Morso"]
[Date "2002.02.10"]
[Round "2"]
[White "Prusikin, Michael"]
[Black "Miezis, Normunds"]
[Result "0-1"]
[WhiteElo "2519"]
[BlackElo "2498"]
[PlyCount "74"]
[EventDate "2002.02.09"]
[EventType "tourn"]
[EventRounds "9"]
[EventCountry "DEN"]
[EventCategory "10"]
[SourceTitle "CBM 088"]
[Source "ChessBase"]
[SourceDate "2002.03.21"]
[SourceVersion "1"]
[SourceVersionDate "2002.03.21"]
[SourceQuality "1"]

1. d4 e6 2. e4 d5 3. Nd2 c5 4. exd5 exd5 5. Ngf3 Nc6 6. Bb5 Bd6 7. dxc5 Bxc5 8.
O-O Nf6 9. Re1+ Be6 10. Nb3 Bb6 11. Nbd4 O-O 12. Bxc6 bxc6 13. Nxc6 Qd6 14.
Nce5 Ng4 15. Nxg4 Bxg4 16. Qd3 Rae8 17. Bd2 Bh5 18. Rxe8 Rxe8 19. Re1 Rxe1+ 20.
Bxe1 h6 21. Bc3 Bg6 22. Qd2 Be4 23. Bd4 Bxf3 24. gxf3 Bc7 25. Kf1 Qxh2 26. Bxa7
Qh3+ 27. Ke2 Qe6+ 28. Be3 h5 29. Qd4 Be5 30. Qb6 Qd7 31. c3 h4 32. Kf1 h3 33.
f4 Bf6 34. Qb3 Qc6 35. Bd4 Bxd4 36. cxd4 Qc1+ 37. Ke2 h2 0-1

[Event "Morso"]
[Site "Morso"]
[Date "2002.02.11"]
[Round "3"]
[White "Aronian, Levon"]
[Black "Pedersen, Erik"]
[Result "1-0"]
[WhiteElo "2584"]
[BlackElo "2400"]
[PlyCount "57"]
[EventDate "2002.02.09"]
[EventType "tourn"]
[EventRounds "9"]
[EventCountry "DEN"]
[EventCategory "10"]
[SourceTitle "CBM 088"]
[Source "ChessBase"]
[SourceDate "2002.03.21"]
[SourceVersion "1"]
[SourceVersionDate "2002.03.21"]
[SourceQuality "1"]

1. e4 Nc6 2. d4 e5 3. dxe5 Nxe5 4. f4 Nc6 5. Bc4 Bb4+ 6. c3 Ba5 7. Nf3 Bb6 8.
Qe2 Qe7 9. Nbd2 d6 10. Bd3 Nf6 11. Nc4 d5 12. Nxb6 axb6 13. e5 Ng4 14. h3 Nh6
15. g4 f6 16. exf6 Qxe2+ 17. Kxe2 gxf6 18. Kf2 O-O 19. Rg1 Kh8 20. b4 Nf7 21.
b5 Na5 22. Be3 Nd6 23. Bd4 Kg8 24. g5 f5 25. g6 h6 26. g7 Re8 27. Rg6 Nb3 28.
axb3 Rxa1 29. Rxh6 1-0

[Event "Morso"]
[Site "Morso"]
[Date "2002.02.11"]
[Round "3"]
[White "Miezis, Normunds"]
[Black "Rustemov, Alexander"]
[Result "0-1"]
[WhiteElo "2498"]
[BlackElo "2607"]
[PlyCount "138"]
[EventDate "2002.02.09"]
[EventType "tourn"]
[EventRounds "9"]
[EventCountry "DEN"]
[EventCategory "10"]
[SourceTitle "CBM 088"]
[Source "ChessBase"]
[SourceDate "2002.03.21"]
[SourceVersion "1"]
[SourceVersionDate "2002.03.21"]
[SourceQuality "1"]

1. c4 e6 2. e4 d5 3. exd5 exd5 4. d4 Bb4+ 5. Nc3 Nf6 6. Bd3 O-O 7. Nf3 dxc4 8.
Bxc4 Nc6 9. O-O Bd6 10. h3 h6 11. Re1 Re8 12. Rxe8+ Qxe8 13. Nb5 Na5 14. Bd3
Be6 15. b3 Nc6 16. Nxd6 cxd6 17. Bb2 Qd7 18. Qd2 Nd5 19. Re1 Rc8 20. Nh4 Nce7
21. f4 f5 22. g3 Rf8 23. a4 Rf6 24. Bb5 Qd8 25. Bc4 Bf7 26. Kh2 a6 27. Qg2 Kh8
28. Qd2 Qd7 29. Bd3 Kg8 30. Ng2 Re6 31. Rc1 Rf6 32. Bc4 Qd8 33. Ba3 Kh8 34. a5
Be8 35. b4 Bc6 36. Re1 Qd7 37. Nh4 g6 38. Bb2 Re6 39. Bd3 Kg7 40. Rg1 Bb5 41.
g4 Bxd3 42. Qxd3 Qb5 43. Qxb5 axb5 44. Nxf5+ Nxf5 45. gxf5 Re2+ 46. Kh1 Ne7 47.
Rg2 Rxg2 48. Kxg2 gxf5 49. Bc3 Kf7 50. Kf3 Ke6 51. Ke2 Kd5 52. Kd3 Nc6 53. h4
Ne7 54. Bd2 Ng6 55. h5 Nf8 56. Be1 Ne6 57. Ke3 Ng7 58. Bh4 Nxh5 59. Be7 Ng3 60.
Bh4 Ne4 61. Kd3 Ke6 62. Ke3 Nc3 63. Be1 Nd5+ 64. Kf3 Ne7 65. Kg3 Ng6 66. Kf3
Kd5 67. Ke3 Kc4 68. Bd2 Ne7 69. Be1 Nd5+ 0-1

[Event "Morso"]
[Site "Morso"]
[Date "2002.02.11"]
[Round "3"]
[White "Pedersen, Jan"]
[Black "Sokolovs, Andrei"]
[Result "1/2-1/2"]
[WhiteElo "2413"]
[BlackElo "2512"]
[PlyCount "30"]
[EventDate "2002.02.09"]
[EventType "tourn"]
[EventRounds "9"]
[EventCountry "DEN"]
[EventCategory "10"]
[SourceTitle "CBM 088"]
[Source "ChessBase"]
[SourceDate "2002.03.21"]
[SourceVersion "1"]
[SourceVersionDate "2002.03.21"]
[SourceQuality "1"]

1. e4 c6 2. d4 d5 3. exd5 cxd5 4. c3 Nc6 5. Bf4 g6 6. Nf3 Bg7 7. Bd3 Nh6 8. O-O
O-O 9. Nbd2 f6 10. c4 Nf7 11. cxd5 Nb4 12. Bc4 Nxd5 13. Bg3 b6 14. Qb3 Bb7 15.
Ne4 Qd7 1/2-1/2

[Event "Morso"]
[Site "Morso"]
[Date "2002.02.11"]
[Round "3"]
[White "Pedersen, Steffen"]
[Black "Prusikin, Michael"]
[Result "1-0"]
[WhiteElo "2440"]
[BlackElo "2519"]
[PlyCount "72"]
[EventDate "2002.02.09"]
[EventType "tourn"]
[EventRounds "9"]
[EventCountry "DEN"]
[EventCategory "10"]
[SourceTitle "CBM 088"]
[Source "ChessBase"]
[SourceDate "2002.03.21"]
[SourceVersion "1"]
[SourceVersionDate "2002.03.21"]
[SourceQuality "1"]

1. d4 Nf6 2. c4 g6 3. Nc3 Bg7 4. e4 O-O 5. Nf3 d6 6. Be2 e5 7. O-O Nbd7 8. Be3
Re8 9. d5 Ng4 10. Bg5 f6 11. Bd2 a5 12. Qc1 f5 13. exf5 gxf5 14. Ng5 Nc5 15.
Bxg4 fxg4 16. Be3 Nd3 17. Qd2 Bf5 18. f3 gxf3 19. Rxf3 Nf4 20. Bxf4 exf4 21.
Qxf4 Rf8 22. Qe3 Be5 23. Raf1 Qd7 24. Kh1 Bg4 25. Rf7 Rxf7 26. Nxf7 Qxf7 27.
Rxf7 Kxf7 28. Qe4 Rg8 29. Qxh7+ Rg7 30. Qd3 Ke7 31. Nd1 Bxd1 32. Qxd1 Bxb2 33.
Qb1 Rf7 34. g3 Bd4 35. Qe4+ Be5 36. Kg2 Ke8 1-0

[Event "Morso"]
[Site "Morso"]
[Date "2002.02.12"]
[Round "4"]
[White "Pedersen, Erik"]
[Black "Miezis, Normunds"]
[Result "0-1"]
[WhiteElo "2400"]
[BlackElo "2498"]
[PlyCount "84"]
[EventDate "2002.02.09"]
[EventType "tourn"]
[EventRounds "9"]
[EventCountry "DEN"]
[EventCategory "10"]
[SourceTitle "CBM 088"]
[Source "ChessBase"]
[SourceDate "2002.03.21"]
[SourceVersion "1"]
[SourceVersionDate "2002.03.21"]
[SourceQuality "1"]

1. d4 Nf6 2. Nf3 c5 3. d5 e6 4. Nc3 exd5 5. Nxd5 Nxd5 6. Qxd5 Be7 7. e4 O-O 8.
Bc4 Nc6 9. O-O d6 10. Qh5 Be6 11. Ng5 Bxg5 12. Bxg5 Qd7 13. Bxe6 Qxe6 14. Rae1
Qxa2 15. Bf6 Qe6 16. Bc3 f5 17. Qh3 Rf7 18. f4 Raf8 19. Qd3 fxe4 20. Rxe4 Qf5
21. Rd1 Rd7 22. Qd5+ Qxd5 23. Rxd5 Ne7 24. Rxd6 Rxd6 25. Rxe7 Rxf4 26. g3 Rg4
27. Rxb7 h5 28. Rxa7 h4 29. Kf2 Rdg6 30. Be5 Re4 31. Bc3 hxg3+ 32. hxg3 Rg5 33.
Kf3 Re6 34. Rc7 Reg6 35. Be1 Rf5+ 36. Kg2 Re6 37. Bc3 Re2+ 38. Kh3 Rg5 39. Kh4
Rg6 40. Kh3 Re3 41. Rxc5 Rexg3+ 42. Kh2 Rg2+ 0-1

[Event "Morso"]
[Site "Morso"]
[Date "2002.02.12"]
[Round "4"]
[White "Rustemov, Alexander"]
[Black "Pedersen, Steffen"]
[Result "1/2-1/2"]
[WhiteElo "2607"]
[BlackElo "2440"]
[PlyCount "73"]
[EventDate "2002.02.09"]
[EventType "tourn"]
[EventRounds "9"]
[EventCountry "DEN"]
[EventCategory "10"]
[SourceTitle "CBM 088"]
[Source "ChessBase"]
[SourceDate "2002.03.21"]
[SourceVersion "1"]
[SourceVersionDate "2002.03.21"]
[SourceQuality "1"]

1. c4 Nf6 2. Nc3 g6 3. g3 Bg7 4. Bg2 d6 5. Nf3 O-O 6. O-O Nc6 7. d4 a6 8. b3
Rb8 9. Nd5 Nh5 10. e4 b5 11. Qd3 e6 12. cxb5 axb5 13. Ne3 Ne7 14. Bb2 f5 15.
Nd2 fxe4 16. Nxe4 Nf5 17. Qd2 Nf6 18. Rfe1 Nxe3 19. Rxe3 Nxe4 20. Rxe4 d5 21.
Re2 b4 22. a4 bxa3 23. Bxa3 Re8 24. Qc3 e5 25. Bc5 e4 26. f3 exf3 27. Rxe8+
Qxe8 28. Re1 Be6 29. Qxf3 Qd7 30. h3 h5 31. Kh2 Kh7 32. b4 Re8 33. Qf4 Bh6 34.
Qf3 Bg7 35. Re2 c6 36. Ra2 Bf5 37. Ra7 1/2-1/2

[Event "Morso"]
[Site "Morso"]
[Date "2002.02.12"]
[Round "4"]
[White "Sokolovs, Andrei"]
[Black "Aronian, Levon"]
[Result "1/2-1/2"]
[WhiteElo "2512"]
[BlackElo "2584"]
[PlyCount "46"]
[EventDate "2002.02.09"]
[EventType "tourn"]
[EventRounds "9"]
[EventCountry "DEN"]
[EventCategory "10"]
[SourceTitle "CBM 088"]
[Source "ChessBase"]
[SourceDate "2002.03.21"]
[SourceVersion "1"]
[SourceVersionDate "2002.03.21"]
[SourceQuality "1"]

1. c4 g6 2. Nf3 Bg7 3. e4 e5 4. d4 exd4 5. Nxd4 Nf6 6. Bd3 O-O 7. O-O c6 8. Nc3
d5 9. cxd5 Nxd5 10. exd5 Bxd4 11. Be4 Be5 12. Be3 Re8 13. Bd4 Bd6 14. dxc6 Nxc6
15. Bxc6 bxc6 16. Re1 Rxe1+ 17. Qxe1 Bxh2+ 18. Kxh2 Qxd4 19. Qe8+ Kg7 20. Rd1
Qxf2 21. Rd8 Qf4+ 22. Kg1 Qc1+ 23. Kh2 Qf4+ 1/2-1/2

[Event "Morso"]
[Site "Morso"]
[Date "2002.02.13"]
[Round "5"]
[White "Aronian, Levon"]
[Black "Berg, Klaus"]
[Result "1/2-1/2"]
[WhiteElo "2584"]
[BlackElo "2418"]
[PlyCount "156"]
[EventDate "2002.02.09"]
[EventType "tourn"]
[EventRounds "9"]
[EventCountry "DEN"]
[EventCategory "10"]
[SourceTitle "CBM 088"]
[Source "ChessBase"]
[SourceDate "2002.03.21"]
[SourceVersion "1"]
[SourceVersionDate "2002.03.21"]
[SourceQuality "1"]

1. e4 c6 2. d4 d5 3. Nd2 dxe4 4. Nxe4 Bf5 5. Ng3 Bg6 6. Bc4 e6 7. N1e2 Nf6 8.
O-O Bd6 9. f4 Bf5 10. Nxf5 exf5 11. Ng3 g6 12. Re1+ Kf8 13. Bb3 Kg7 14. c4 h5
15. Bc2 Nbd7 16. Nh1 b5 17. b3 bxc4 18. bxc4 Qa5 19. Bd2 Bb4 20. Bxb4 Qxb4 21.
Ba4 Rae8 22. Rxe8 Rxe8 23. Bxc6 Qxc4 24. Bxd7 Nxd7 25. Nf2 Nf6 26. g3 Rd8 27.
Rc1 Qxa2 28. Ra1 Qb2 29. Rxa7 Rc8 30. Ra1 Rc2 31. Rb1 Qa2 32. Ra1 Qc4 33. Qe1
Qxd4 34. Rc1 Rxc1 35. Qxc1 Ng4 36. Qe1 h4 37. Kg2 Nxf2 38. Qxf2 h3+ 39. Kg1
Qa1+ 40. Qf1 Qxf1+ 41. Kxf1 Kf6 42. Kf2 Ke6 43. Ke2 Kd5 44. Kd3 f6 45. Ke3 Kc4
46. Ke2 Kc3 47. Ke3 Kc2 48. Ke2 g5 49. g4 fxg4 50. fxg5 g3 51. gxf6 gxh2 52. f7
h1=Q 53. f8=Q Qd1+ 54. Kf2 Qd2+ 55. Kf1 Qg2+ 56. Ke1 Qd2+ 57. Kf1 Qg2+ 58. Ke1
h2 59. Qc5+ Kb1 60. Qb4+ Ka1 61. Qd4+ Kb1 62. Qb4+ Qb2 63. Qe4+ Qc2 64. Qb4+
Ka2 65. Qa5+ Kb3 66. Qb5+ Ka3 67. Qa5+ Qa4 68. Qc3+ Qb3 69. Qa5+ Kb2 70. Qd2+
Qc2 71. Qb4+ Ka1 72. Qd4+ Ka2 73. Qd5+ Ka3 74. Qa5+ Kb2 75. Qb4+ Ka1 76. Qd4+
Qb2 77. Qa4+ Kb1 78. Qe4+ Ka2 1/2-1/2

[Event "Morso"]
[Site "Morso"]
[Date "2002.02.13"]
[Round "5"]
[White "Miezis, Normunds"]
[Black "Sokolovs, Andrei"]
[Result "1/2-1/2"]
[WhiteElo "2498"]
[BlackElo "2512"]
[PlyCount "25"]
[EventDate "2002.02.09"]
[EventType "tourn"]
[EventRounds "9"]
[EventCountry "DEN"]
[EventCategory "10"]
[SourceTitle "CBM 088"]
[Source "ChessBase"]
[SourceDate "2002.03.21"]
[SourceVersion "1"]
[SourceVersionDate "2002.03.21"]
[SourceQuality "1"]

1. c4 Nf6 2. Nc3 g6 3. g3 Bg7 4. Bg2 c6 5. e4 d6 6. Nge2 O-O 7. O-O e5 8. d4
Nbd7 9. h3 a5 10. Be3 exd4 11. Bxd4 Qe7 12. Qc2 Re8 13. Rad1 1/2-1/2

[Event "Morso"]
[Site "Morso"]
[Date "2002.02.13"]
[Round "5"]
[White "Pedersen, Jan"]
[Black "Navara, David"]
[Result "1/2-1/2"]
[WhiteElo "2413"]
[BlackElo "2531"]
[PlyCount "73"]
[EventDate "2002.02.09"]
[EventType "tourn"]
[EventRounds "9"]
[EventCountry "DEN"]
[EventCategory "10"]
[SourceTitle "CBM 088"]
[Source "ChessBase"]
[SourceDate "2002.03.21"]
[SourceVersion "1"]
[SourceVersionDate "2002.03.21"]
[SourceQuality "1"]

1. e4 c5 2. Nf3 e6 3. d3 Nc6 4. g3 Nge7 5. Bg2 g6 6. O-O Bg7 7. c3 e5 8. Be3 d6
9. d4 exd4 10. cxd4 Bg4 11. d5 Nd4 12. Nbd2 Qd7 13. Bxd4 Bxd4 14. Qc2 Bg7 15.
Nc4 O-O 16. a4 Bxf3 17. Bxf3 f5 18. Rae1 fxe4 19. Qxe4 Qxa4 20. Bd1 Qa6 21.
Qe6+ Kh8 22. Nxd6 Rf6 23. Nf7+ Kg8 24. Nh6+ Kh8 25. Nf7+ Kg8 26. Nh6+ Kh8 27.
Qxa6 bxa6 28. Rxe7 Bxh6 29. Rfe1 Bf8 30. Re8 Rxe8 31. Rxe8 Kg7 32. Ra8 Rf7 33.
Rc8 Rd7 34. Bf3 Bd6 35. Rc6 Be5 36. Rxc5 Bxb2 37. Ra5 1/2-1/2

[Event "Morso"]
[Site "Morso"]
[Date "2002.02.13"]
[Round "5"]
[White "Pedersen, Steffen"]
[Black "Pedersen, Erik"]
[Result "1/2-1/2"]
[WhiteElo "2440"]
[BlackElo "2400"]
[PlyCount "34"]
[EventDate "2002.02.09"]
[EventType "tourn"]
[EventRounds "9"]
[EventCountry "DEN"]
[EventCategory "10"]
[SourceTitle "CBM 088"]
[Source "ChessBase"]
[SourceDate "2002.03.21"]
[SourceVersion "1"]
[SourceVersionDate "2002.03.21"]
[SourceQuality "1"]

1. d4 Nc6 2. Nf3 d5 3. g3 Bf5 4. Bg2 Nb4 5. Na3 e6 6. c3 Nc6 7. Qb3 Rb8 8. Nh4
Bg4 9. h3 Bh5 10. e4 dxe4 11. Bxe4 Be7 12. Qb5 Nf6 13. Bg2 O-O 14. O-O Nd5 15.
Nf5 Bxa3 16. bxa3 Bg6 17. Bxd5 Qxd5 1/2-1/2

[Event "Morso"]
[Site "Morso"]
[Date "2002.02.14"]
[Round "6"]
[White "Berg, Klaus"]
[Black "Miezis, Normunds"]
[Result "1-0"]
[WhiteElo "2418"]
[BlackElo "2498"]
[PlyCount "115"]
[EventDate "2002.02.09"]
[EventType "tourn"]
[EventRounds "9"]
[EventCountry "DEN"]
[EventCategory "10"]
[SourceTitle "CBM 088"]
[Source "ChessBase"]
[SourceDate "2002.03.21"]
[SourceVersion "1"]
[SourceVersionDate "2002.03.21"]
[SourceQuality "1"]

1. d4 Nf6 2. Nf3 e6 3. e3 b6 4. Bd3 Bb7 5. O-O Nc6 6. c3 d5 7. Nbd2 Be7 8. Qe2
Qd6 9. e4 dxe4 10. Nxe4 Nxe4 11. Qxe4 O-O-O 12. Bf4 Qd7 13. Qe2 g5 14. Bxg5
Bxg5 15. Nxg5 Rhg8 16. Nf3 e5 17. Ba6 Bxa6 18. Qxa6+ Kb8 19. g3 exd4 20. Qd3
dxc3 21. Qxc3 Rg6 22. Rac1 Rd6 23. Rfe1 f6 24. Re4 Kb7 25. Rf4 Qe6 26. a3 R8d7
27. Kg2 f5 28. h4 Qd5 29. Rc4 Re7 30. Kg1 Re4 31. Ng5 Re2 32. Nf7 Qxf7 33. Rxc6
Rxc6 34. Qxc6+ Kb8 35. Rd1 Qe8 36. Qxe8+ Rxe8 37. Rd7 h6 38. Rf7 Re5 39. Rf6 h5
40. Kg2 a5 41. Rh6 f4 42. gxf4 Rb5 43. a4 Rc5 44. Re6 Rc4 45. Kf3 Kc8 46. Re4
Rc2 47. f5 Kd7 48. f6 Rc6 49. f7 Rf6+ 50. Rf4 Rxf4+ 51. Kxf4 Ke7 52. Kg5 Kxf7
53. Kxh5 c5 54. Kg5 c4 55. Kf4 b5 56. Ke3 c3 57. bxc3 bxa4 58. Kd2 1-0

[Event "Morso"]
[Site "Morso"]
[Date "2002.02.14"]
[Round "6"]
[White "Navara, David"]
[Black "Rustemov, Alexander"]
[Result "1/2-1/2"]
[WhiteElo "2531"]
[BlackElo "2607"]
[PlyCount "87"]
[EventDate "2002.02.09"]
[EventType "tourn"]
[EventRounds "9"]
[EventCountry "DEN"]
[EventCategory "10"]
[SourceTitle "CBM 088"]
[Source "ChessBase"]
[SourceDate "2002.03.21"]
[SourceVersion "1"]
[SourceVersionDate "2002.03.21"]
[SourceQuality "1"]

1. e4 e6 2. d4 d5 3. Nd2 dxe4 4. Nxe4 Bd7 5. Nf3 Bc6 6. Bd3 Nd7 7. O-O Ngf6 8.
Ned2 Be7 9. Re1 O-O 10. c3 b6 11. Nc4 Bd5 12. Nce5 c5 13. c4 Bb7 14. Bf4 cxd4
15. Nxd4 Nxe5 16. Bxe5 h6 17. Qe2 Bd6 18. Rad1 Bxe5 19. Qxe5 Qb8 20. Qxb8 Raxb8
21. Bc2 Rfc8 22. b3 a6 23. Rd2 Rc5 24. Red1 Kf8 25. Bd3 a5 26. a3 Ba6 27. Be2
Ne4 28. Rc2 Rbc8 29. f3 Nf6 30. Rdc1 R5c7 31. b4 Nd7 32. Nb3 axb4 33. axb4 e5
34. Kf2 Ke7 35. c5 Bxe2 36. Kxe2 bxc5 37. Nxc5 Nxc5 38. Rxc5 Rxc5 39. bxc5 Ke6
40. Ke3 Rc6 41. f4 Kd5 42. Rd1+ Ke6 43. Rc1 Kd5 44. Rd1+ 1/2-1/2

[Event "Morso"]
[Site "Morso"]
[Date "2002.02.14"]
[Round "6"]
[White "Pedersen, Erik"]
[Black "Prusikin, Michael"]
[Result "1/2-1/2"]
[WhiteElo "2400"]
[BlackElo "2519"]
[PlyCount "102"]
[EventDate "2002.02.09"]
[EventType "tourn"]
[EventRounds "9"]
[EventCountry "DEN"]
[EventCategory "10"]
[SourceTitle "CBM 088"]
[Source "ChessBase"]
[SourceDate "2002.03.21"]
[SourceVersion "1"]
[SourceVersionDate "2002.03.21"]
[SourceQuality "1"]

1. d4 Nf6 2. Nf3 e6 3. e3 b6 4. Bd3 Bb7 5. Nbd2 c5 6. b3 Be7 7. O-O O-O 8. Bb2
Nc6 9. a3 Re8 10. Re1 cxd4 11. exd4 Bf8 12. Rc1 d5 13. Nf1 Rc8 14. Ng3 Rc7 15.
c3 Qc8 16. c4 Ba6 17. Bb1 Ne7 18. c5 bxc5 19. dxc5 Rxc5 20. Rxc5 Qxc5 21. b4
Qb6 22. h4 Rc8 23. Ng5 h6 24. Bxf6 gxf6 25. Nh7 Bg7 26. Nh5 f5 27. N7f6+ Kh8
28. Nxg7 Kxg7 29. Nd7 Qc7 30. Nc5 Qd6 31. Qd4+ Kg8 32. Qf6 Bb5 33. Qxh6 Be8 34.
Qg5+ Ng6 35. g3 Qd8 36. Qh6 a5 37. h5 Nf8 38. Nb7 Qb6 39. Nxa5 Qd4 40. Qg5+ Qg7
41. Qxg7+ Kxg7 42. Bd3 Rc3 43. Bxf5 Rxa3 44. Bg4 Ra2 45. Rb1 Bb5 46. Nb7 Bd3
47. Rd1 Bc4 48. Nd6 Rb2 49. Nxc4 dxc4 50. Rc1 Rxb4 51. Be2 Kh6 1/2-1/2

[Event "Morso"]
[Site "Morso"]
[Date "2002.02.14"]
[Round "6"]
[White "Pedersen, Jan"]
[Black "Aronian, Levon"]
[Result "1-0"]
[WhiteElo "2413"]
[BlackElo "2584"]
[PlyCount "49"]
[EventDate "2002.02.09"]
[EventType "tourn"]
[EventRounds "9"]
[EventCountry "DEN"]
[EventCategory "10"]
[SourceTitle "CBM 088"]
[Source "ChessBase"]
[SourceDate "2002.03.21"]
[SourceVersion "1"]
[SourceVersionDate "2002.03.21"]
[SourceQuality "1"]

1. e4 e5 2. Nc3 Nc6 3. g3 h5 4. h3 Bc5 5. d3 h4 6. g4 Nge7 7. Bg2 Nd4 8. Nge2
Nxe2 9. Nxe2 Bb6 10. f4 d6 11. d4 Be6 12. Qd3 exd4 13. Nxd4 Nc6 14. Nxc6 bxc6
15. Bd2 f6 16. e5 dxe5 17. Bxc6+ Kf8 18. f5 Bf7 19. Bxa8 Qxa8 20. O-O-O Kg8 21.
g5 e4 22. Qc3 Bh5 23. g6 Qd5 24. Bf4 Bxd1 25. Rxd1 1-0